Statistics for U.S. Geography by Letter - E

Click here to take the quiz!

General Stats

  • This quiz has been taken 296 times
  • The average score is 12 of 20

Answer Stats

HintAnswer% Correct
Huge wetland in southern FloridaEverglades
93%
New York City's immigrant islandEllis Island
91%
Twice the tallest building in New YorkEmpire State
89%
Westernmost city of TexasEl Paso
87%
Canal connecting Buffalo to AlbanyErie Canal
84%
New Jersey township named
for an inventor
Edison
81%
Largest oil company of TexasExxonMobil
66%
City of the University of OregonEugene
63%
Nickname of Washington{Evergreen} State
62%
Theme park at Florida's
Walt Disney World
Epcot
60%
Wisconsin city whose name is
French for "Clear Water"
Eau Claire
57%
It separates Manhattan
and Long Island
East River
52%
Nickname of New MexicoLand of
{Enchantment}
48%
Prestigious Atlanta universityEmory
38%
Illinois city of Northwestern UniversityEvanston
38%
Biggest city Southern IndianaEvansville
38%
Home to Michigan State UniversityEast Lansing
34%
San Fernando Valley neighborhood;
Setting of a Pauly Shore movie
Encino
31%
Nickname of Wyoming{Equality} State
29%
Rocky Mountains' highest peakMount {Elbert}
26%

Score Distribution

Percentile by Number Answered

Percent of People with Each Score

Your Score History

You have not taken this quiz